000 00667nam a2200193Ia 4500
005 20250508153052.0
008 008 250505s9999 xx 000 0 eng d
037 _aTextual
040 _aFEDL
_beng
_cFEDL
041 _aeng
_2eng
084 _a016.05, BIB
_qFEDL
245 0 _aBibliography of periodicals: Libraries of national council of education research and training
245 0 _cCentral Institute of Education (National Council of Educational Research and Training)
260 _aDelhi, India
_bCentral Institue of Education
_c1962
300 _a66p.
650 _aBibliography
942 _cTEXL
_h016.05, BIB
999 _c1340510
_d1340510